00411nam a2200157Ia 45000010006000000050017000060080041000230410008000640820016000721000024000882450083001122600009001953000033002046500008002376540008002451409220260306164849.0260306t2001||||xx |||||||||||||| ||spa|| aESP a006.35bH84 aHuang, XuedongeAUT 0aSpoken language processing:ba guide theory, algorithm, and system development c2001 axix, 980 páginas :c23 cm. aGEN aCCC